000 00766nam a2200205Ii 4500
003 JO-AjNU
008 230605s9999||||xx |||||||||||||| ||und||
040 _aJO-AjNU
_bara
_erda
_cJO-AjNU
041 _aara
050 1 4 _aK1001.Z8396.1987
100 3 _a الزحيلي ، وهبة ,
_eauthor
_946588
245 0 0 _aالعقود المسماة في قانون المعاملات المدنية الإماراتي والقانون المدني الأردني
250 _aط1
264 3 1 _aدمشق : دار الفكر ، 1987
300 _a430ص
336 _atext
_btxt
_2rdacontent
337 _aunmediated
_bn
_2rdamedia
338 _avolume
_bnc
_2rdacarrier
650 4 _aقانون مدني -- الاردن -- قانون مدني -- الامارات
_946589
999 _aA20279
_c23847
_d23847